Normal view
MARC view
- Nour,Abdul Naser/ A. Jaffarulla
Entry Personal Name
001 - CONTROL NUMBER
- control field: 1437
003 - CONTROL NUMBER IDENTIFIER
- control field: JO-AjAnu
005 - DATE AND TIME OF LATEST TRANSACTION
- control field: 20230606070535.0
008 - FIXED-LENGTH DATA ELEMENTS
- fixed length control field: 230606|| aca||aabn | a|a d
040 ## - CATALOGING SOURCE
- Original cataloging agency: JO-AjAnu
- Transcribing agency: JO-AjAnu
100 ## - HEADING--PERSONAL NAME
- Personal name: Nour,Abdul Naser/ A. Jaffarulla
670 ## - SOURCE DATA FOUND
- Source citation: Work cat.: (JO-AjAnu)758: Nour,Abdul Naser/ A. Jaffarulla, author, Financial Accounting in English : Principles and Practices